|
|
|
|
| LEADER |
00000nam a22000007a 4500 |
| 005 |
20220610232251.0 |
| 007 |
cr|||| |||| |
| 008 |
220610s2021 es |||||s|||| 00||0 spa d |
| 020 |
|
|
|a 978-84-1377-661-3
|
| 035 |
|
|
|a 35619
|
| 040 |
|
|
|a vLex
|
| 090 |
|
|
|c 13415
|d 13415
|
| 100 |
1 |
|
|a Cruz Blanca, Mara̕ Još
|
| 245 |
1 |
2 |
|a La robt̤ica y la inteligencia artificial en la nueva era de la revolucin̤ industrial 4.0
|h [Recurso electrn̤ico] /
|c Mara̕ Jos ̌Cruz Blanca, Ignacio Lled ̤Benito
|
| 256 |
|
|
|a Servicio en ln̕ea
|
| 260 |
|
|
|a Madrid:
|b Dykinson,
|c 2021
|
| 300 |
|
|
|a 1 recurso electrn̤ico
|
| 506 |
1 |
|
|a Disponible solo en los productos indicados
|d vLex Global
|d vLex Global (Academic Edition, excluding Law Schools)
|d vLex Global (U.S. Academic Edition, Law Schools)
|d vLex Global (U.S. Academic Edition, excluding Law Schools)
|d vLex Global (Academic Edition, Law Schools)
|
| 650 |
0 |
4 |
|a Derecho Civil
|z Espaą
|
| 650 |
0 |
4 |
|a Derecho de las Nuevas Tecnologa̕s
|z Espaą
|
| 700 |
1 |
|
|a Lled ̤Benito, Ignacio
|
| 740 |
0 |
|
|a vLex Libros (Servicio en ln̕ea)
|
| 856 |
4 |
0 |
|u https://app.vlex.com/#/sources/35619
|z Acceso restringido
|
| 942 |
|
|
|c BOOK
|
| 999 |
0 |
|
|a Civil Law
|
| 999 |
0 |
|
|a Law of New Technologies
|